| 000 | 00980nam a22002177a 4500 | ||
|---|---|---|---|
| 005 | 20250207171014.0 | ||
| 008 | 250207b |||||||| |||| 00| 0 eng d | ||
| 020 | _a978-93-5869-11-91 (pbk) | ||
| 037 | _cTB | ||
| 040 |
_aCRL _cCRL |
||
| 041 |
_2hin _ahin |
||
| 084 |
_aX.10a4 152R5 _qCRL |
||
| 100 |
_aसिंह, प्रियंका _9734973 |
||
| 245 |
_aभूमंडलीकरण एवं साहित्यिक पत्रकारिता _bby प्रियंका सिंह |
||
| 260 |
_aगाजियाबाद, भारत: _bप्रलेक प्रकाशन, _c2025 |
||
| 300 | _a196 पृ0 | ||
| 365 |
_b299.00 _cINR |
||
| 650 | _aअर्थशास्त्र | ||
| 942 |
_2CC _cTB _hX.10a4 152R5 _n0 |
||
| 999 |
_c1238378 _d1238378 |
||